Hodnotenie prípustnosti defektov v tavných zvarových spojoch = Acceptability evaluation of welded joint defects : Diplomová práca

Salvato in:
Dettagli Bibliografici
Autore principale: Peller, Gabriel (Autore)
Altri autori: Ulrich, Koloman, 1946- (xxx)
Natura: Manoscritto Libro
Lingua:slovacco
Pubblicazione: Trnava : STU v Bratislave MtF KZv, 2007
Soggetti:
Tags: Aggiungi Tag
Nessun Tag, puoi essere il primo ad aggiungerne!!

MARC

LEADER 00000ntm a22000003a 4500
001 stu143132
005 20160719155750.0
008 070709s2007----xo------------------slo-d
040 |a STU  |b slo 
041 0 |a slo 
044 |a xo 
100 1 |a Peller, Gabriel  |4 aut 
245 1 |a Hodnotenie prípustnosti defektov v tavných zvarových spojoch = Acceptability evaluation of welded joint defects :  |b Diplomová práca 
260 |a Trnava :  |b STU v Bratislave MtF KZv,  |c 2007 
300 |a 85 s  |c 1 CD-ROM 
500 |a Program: Zváranie a spájanie materiálov 
650 7 |a defektoskopia  |2 stusub 
700 1 |a Ulrich, Koloman,  |d 1946-  |4 xxx  |u M3000  |U MTF Materiálovotechnologická fakulta  |T MTF Ústav výrobných technológií  |X 1417  |U M3000  |Y 83  |7 A000001417 
996 |b 284M076593  |c M*DP-6586  |l MMSKP  |s P  |a 0  |w stu143132_0001